| 000 | 00000nam##2200000za#4500 |
| 001 | 9.698177 |
| 003 | CaOODSP |
| 005 | 20210624235818 |
| 007 | cr ||||||||||| |
| 008 | 150407|1999||||xxc|||||o f|0| 0 eng|d |
| 040 | |aCaOODSP|beng |
| 043 | |an-cn--- |
| 086 | 1 |aRH64-109/1999E-PDF |
| 110 | 1 |aCanada.|bHuman Resources Development Canada. |bStrategic Policy. |
| 245 | 10|aEvaluation reports - summative evaluation of Youth Service Canada / |h[electronic resource]|c[by] Evaluation and Data Development. |
| 260 | |aOttawa - Ontario : |bHuman Resources Development Canada. |cAugust 1999. |
| 300 | |a64p.|btables |
| 590 | |a13-16-Supp|b2013-07-12 |
| 775 | 08|tRapports d'évaluation - évaluation sommative de Service jeunesse Canada / |w(CaOODSP)9.642170 |
| 856 | 40|ahttp://publications.gc.ca|qPDF|s282 KB|uhttps://publications.gc.ca/collections/collection_2013/rhdcc-hrsdc/RH64-109-1999-eng.pdf |
| 986 | |aSP-AH040-08-99E |